书目信息 |
| 题名: |
汉语十日通
|
|
| 作者: | 程璐璐 主编 | |
| 分册: | 读写 | |
| 出版信息: | 北京 商务印书馆 2024.07 |
|
| 页数: | 61页 | |
| 开本: | 29cm | |
| 丛书名: | ||
| 单 册: | ||
| 中图分类: | H195.4 | |
| 科图分类: | ||
| 主题词: | 汉语--han yu--对外汉语教学--教材 , 汉语--han yu--阅读教学--对外汉语教学--教材 | |
| 电子资源: | ||
| ISBN: | 978-7-100-23935-6 | |
| 000 | 01113nam0 2200277 450 | |
| 001 | CAL 012024104406 | |
| 005 | 20250924230131.88 | |
| 010 | @a978-7-100-23935-6@dCNY58.00 | |
| 099 | @aCAL 012024104406 | |
| 100 | @a20240926d2024 em y0chiy0120 ea | |
| 101 | 0 | @achi@aeng |
| 102 | @aCN@b110000 | |
| 105 | @aa z 000yy | |
| 106 | @ar | |
| 200 | 1 | @a汉语十日通@Ahan yu shi ri tong@i读写@i冲刺篇@d= Chinese in 10 days@iReading & writing@iAdvanced level@f程璐璐主编@zeng |
| 210 | @a北京@c商务印书馆@d2024.07 | |
| 215 | @a61页@c图@d29cm | |
| 330 | @a本书共分10课。通过大量、多样化的操练,进行汉字基础知识教学、字词句段阅读训练和汉字书写与基础写作教学,培养学生对汉字的认知和书写习惯,提高学生的阅读和写作能力,从而达到读写技能与综合语言知识技能同步提高的教学效果。 | |
| 510 | 1 | @aChinese in 10 days@iReading & writing@iAdvanced level@zeng |
| 606 | 0 | @a汉语@Ahan yu@x对外汉语教学@j教材 |
| 606 | 0 | @a汉语@Ahan yu@x阅读教学@x对外汉语教学@j教材 |
| 690 | @aH195.4@v5 | |
| 701 | 0 | @a程璐璐@Acheng lu lu@4主编 |
| 801 | 0 | @aCN@c20250919 |
| 905 | @a河南城建学院图书馆@dH195.4@eC753@ZC753@f1 | |
| 998 | @aSDAU | |
| 汉语十日通.读写.冲刺篇= Chinese in 10 days.Reading & writing.Advanced level/程璐璐主编.-北京:商务印书馆,2024.07 |
| 61页:图;29cm |
| ISBN 978-7-100-23935-6:CNY58.00 |
| 本书共分10课。通过大量、多样化的操练,进行汉字基础知识教学、字词句段阅读训练和汉字书写与基础写作教学,培养学生对汉字的认知和书写习惯,提高学生的阅读和写作能力,从而达到读写技能与综合语言知识技能同步提高的教学效果。 |
| ● |
| 相关链接 |
|
|
|
正题名:汉语十日通
索取号:H195.4/C753
 
预约/预借
| 序号 | 登录号 | 条形码 | 馆藏地/架位号 | 状态 | 备注 |
| 1 | 1637698 | 216376981 | 语言库209/209语言库 78排3列5层/ [索取号:H195.4/C753] | 在馆 |